Teatro en los Estados Unidos
Guardat en:
| Autor principal: | |
|---|---|
| Format: | Llibre |
| Idioma: | anglès |
| Publicat: |
Nueva York
Agencia de Comunicación Internacional de los Estados Unidos de América
1965
|
| Matèries: | |
| Etiquetes: |
Afegir etiqueta
Sense etiquetes, Sigues el primer a etiquetar aquest registre!
|
MARC
| LEADER | 00000nam a2200000 a 4500 | ||
|---|---|---|---|
| 001 | UCV9456 | ||
| 003 | CL-VaPUC | ||
| 008 | 921006e19650000US |||||||||||||||||eng|d | ||
| 082 | 0 | 4 | |a 792.09 |b BAN |2 21 |
| 100 | 0 | |a Bandler, Michael J |e author |9 303460 | |
| 245 | 1 | 0 | |a Teatro en los Estados Unidos |
| 300 | |a 64 p | ||
| 942 | |c BK | ||
| 945 | |d 19921006 00:00:00 | ||
| 260 | |a Nueva York |b Agencia de Comunicación Internacional de los Estados Unidos de América |c 1965 | ||
| 650 | 0 | |a Teatros |9 268075 | |
| 650 | 0 | |a Historia y crítica |9 257407 | |
| 650 | 7 | |a DRAMAS ESTADOUNIDENSES |2 CL-VaPUC |9 267218 | |
| 651 | 0 | |a Estados Unidos |9 255178 | |
| 583 | |a last modification |c 19921006 00:00:00 |k Rodrigo Vera | ||
| 999 | |c 214786 |d 214784 | ||
| 952 | |0 0 |1 0 |4 0 |6 792_090000000000000_BAN_1965 |7 0 |8 P |9 198501 |a BIBARQ |b BIBARQ |d 2019-11-14 |i 2659670 |o 792.09 BAN 1965 |p 2659670 |r 2025-01-20 |w 2019-11-14 |y BK |k ARQ | ||